A Business Guide To Information Security (Record no. 540563)

MARC details
000 -LEADER
fixed length control field 01612nam a2200193Ia 4500
008 - FIXED-LENGTH DATA ELEMENTS--GENERAL INFORMATION
fixed length control field 240825s9999 xx 000 0 und d
020 ## - INTERNATIONAL STANDARD BOOK NUMBER
ISBN 9780749447670
Paper back/Hardbound pbk
041 ## - LANGUAGE CODE
Language code of text/sound track or separate title eng
082 ## - DEWEY DECIMAL CLASSIFICATION NUMBER
Classification number 005.8
Item number CAL
100 ## - MAIN ENTRY--AUTHOR NAME
Personal name Calder, Alan
245 #2 - TITLE STATEMENT
Title A Business Guide To Information Security
Statement of responsibility, etc / Alan Calder
260 ## - PUBLICATION, DISTRIBUTION, ETC. (IMPRINT)
Year of publication 2006
Place of publication New Delhi
Name of publisher Alan Calder
300 ## - PHYSICAL DESCRIPTION
Number of Pages vii, 182p.
Dimensions 23cm.
500 ## - GENERAL NOTE
General note 1st South Asian Edition 2006
504 ## - BIBLIOGRAPHY, ETC. NOTE
Bibliography, etc Includes index
520 ## - SUMMARY, ETC.
Summary, etc In the information economy, data has huge value to individuals, businesses and villains alike. All organizations are threatened and vulnerable. A Business Guide to Information Security explains to directors and managers the vital issues from adware, hackers and phishing to spyware, viruses and zombies-facing organizations of every type and size, and helps them to take control of a subject that is critical to their survival. Full of clear, practical and straightforward advice, the author helps readers ensure that IT security is business-driven Information security is cost-effective Business data risks are managed Legal and regulatory compliance is assured About Author: Alan Calder, founder director of IT Governance Ltd, led one of the first organizations to achieve BS7799. His 30-year international management carrer, at CEO and director level in both the private and public sectors, has increasingly focused on the challange of making information security as simple and as natural as household security. He is the author of IT Governance and Corporate Governance (both published by Kogan Page).
650 ## - SUBJECT ADDED ENTRY--TOPICAL TERM
Topical Term Management
942 ## - ADDED ENTRY ELEMENTS (KOHA)
Koha item type English Books
Holdings
Withdrawn status Lost status Damaged status Not for loan Home library Current library Shelving location Date acquired Cost, normal purchase price Full call number Accession Number Price effective from Koha item type Copy number
        Anna Centenary Library Anna Centenary Library 3RD FLOOR, A WING 17.07.2024 295.00 005.8 CAL 695932 17.07.2024 English Books  
        Anna Centenary Library Anna Centenary Library 3RD FLOOR, A WING 17.07.2024 295.00 005.8 CAL;1 695933 17.07.2024 English Books 1

Find us on the map